|
|
|
|
| LEADER |
00931nam a22002892a 4500 |
| 001 |
000111172 |
| 003 |
CZ BrMZK |
| 005 |
20240923073427.0 |
| 007 |
ta |
| 008 |
950101s1985 xo ab f 000 0 slo d |
| 040 |
|
|
|a BOA001
|b cze
|
| 041 |
1 |
|
|a slo
|h cze
|
| 080 |
|
|
|a 885.0-992(72)
|2 MRF
|
| 080 |
|
|
|a 885.4-992(72)
|2 MRF
|
| 080 |
|
|
|a 397(=97)
|2 MRF
|
| 080 |
|
|
|a 397(=98)
|2 MRF
|
| 100 |
1 |
|
|a Zachar, Lev,
|d 1946-1994
|7 xx0131588
|4 aut
|4 ill
|
| 245 |
1 |
0 |
|a Prérijní a pralesní Indiáni /
|c Lev Zachar, Mnislav Zelený
|
| 250 |
|
|
|a 1. vyd.
|
| 260 |
|
|
|a Bratislava :
|b Mladé letá,
|c 1985
|
| 300 |
|
|
|a 402 s. :
|b il. (převážně barev.) ;
|c 25 cm
|
| 500 |
|
|
|a Část. přeloženo z češtiny
|
| 504 |
|
|
|a Obsahuje bibliografii
|
| 700 |
1 |
|
|a Zelený, Mnislav,
|d 1943-
|7 jk01152402
|4 aut
|
| 910 |
|
|
|a BOA001
|b 2-0908.690
|
| 990 |
|
|
|a BK
|
| 996 |
7 |
|
|b 2619967177
|c 2-0908.690
|l MZK
|r Sklad / do 1 hodiny
|n 35
|w 000111172
|u 000010
|a 1
|e BOA001
|j MZK50
|s A
|